<?xml version="1.0" encoding="UTF-8"?>
<record
    xmlns:xsi="http://www.w3.org/2001/XMLSchema-instance"
    xsi:schemaLocation="http://www.loc.gov/MARC21/slim http://www.loc.gov/standards/marcxml/schema/MARC21slim.xsd"
    xmlns="http://www.loc.gov/MARC21/slim">

  <leader>02375cam a2200289   4500500</leader>
  <controlfield tag="005">20260419004229.0</controlfield>
  <datafield tag="041" ind1=" " ind2=" ">
    <subfield code="a">fre</subfield>
  </datafield>
  <datafield tag="042" ind1=" " ind2=" ">
    <subfield code="a">dc</subfield>
  </datafield>
  <datafield tag="100" ind1="1" ind2="0">
    <subfield code="a">Selim, Monique</subfield>
    <subfield code="e">author</subfield>
  </datafield>
  <datafield tag="245" ind1="0" ind2="0">
    <subfield code="a">Implication critique, critique de l&#x2019;implication</subfield>
  </datafield>
  <datafield tag="260" ind1=" " ind2=" ">
    <subfield code="c">2025.
							</subfield>
  </datafield>
  <datafield tag="500" ind1=" " ind2=" ">
    <subfield code="a">45</subfield>
  </datafield>
  <datafield tag="520" ind1=" " ind2=" ">
    <subfield code="a">R&#xE9;sum&#xE9;Cet article s&#x2019;attache au d&#xE9;bat entre anthropologie et psychanalyse, ses &#xE9;volutions r&#xE9;centes et ses bascules, dans le cadre des transformations centrales du monde contemporain marqu&#xE9; par l&#x2019;irruption de multitudes d&#x2019;identit&#xE9;s. &#xC0; travers le concept d&#x2019;implication, l&#x2019;auteure examine d&#x2019;un point de vue anthropologique comment les disciplines se sont appropri&#xE9; de fa&#xE7;ons diverses la r&#xE9;flexivit&#xE9; sur la position du&#xB7;de la chercheur&#xB7;euse et de ses interlocuteur&#xB7;rices, afin d&#x2019;engager une mutation de leurs outils m&#xE9;thodologiques et &#xE9;pist&#xE9;mologiques. Pass&#xE9;e au crible de ses actualisations morale, politique, s&#xE9;paratiste, identitaire, l&#x2019;implication fait l&#x2019;objet d&#x2019;un regard critique qui r&#xE9;v&#xE8;le les divergences des postures de l&#x2019;anthropologue et du&#xB7;de la psychanalyste.</subfield>
  </datafield>
  <datafield tag="520" ind1=" " ind2=" ">
    <subfield code="a">AbstractThis article focuses on the debate between anthropology and psychoanalysis, its recent developments and its shifts, in the context of the central transformations of the contemporary world marked by the emergence of diverse identities. Through the concept of implication, the author examines&#xA0;&#x2013;&#xA0;from an anthropological perspective&#xA0;&#x2013;&#xA0;how the disciplines have appropriated reflexivity in different ways on the position of the researcher and their interlocutors in order to initiate a transformation of their methodological and epistemological tools. Sifted through its moral, political, separatist and identity updates, the implication is the subject of a critical examination that highlights the divergences in the postures of the anthropologist and the psychoanalyst.</subfield>
  </datafield>
  <datafield tag="690" ind1=" " ind2=" ">
    <subfield code="a">anthropologie</subfield>
  </datafield>
  <datafield tag="690" ind1=" " ind2=" ">
    <subfield code="a">identit&#xE9;</subfield>
  </datafield>
  <datafield tag="690" ind1=" " ind2=" ">
    <subfield code="a">politique</subfield>
  </datafield>
  <datafield tag="690" ind1=" " ind2=" ">
    <subfield code="a">position</subfield>
  </datafield>
  <datafield tag="690" ind1=" " ind2=" ">
    <subfield code="a">psychanalyse</subfield>
  </datafield>
  <datafield tag="690" ind1=" " ind2=" ">
    <subfield code="a">Anthropology</subfield>
  </datafield>
  <datafield tag="690" ind1=" " ind2=" ">
    <subfield code="a">Identity</subfield>
  </datafield>
  <datafield tag="690" ind1=" " ind2=" ">
    <subfield code="a">Politics</subfield>
  </datafield>
  <datafield tag="690" ind1=" " ind2=" ">
    <subfield code="a">Position</subfield>
  </datafield>
  <datafield tag="690" ind1=" " ind2=" ">
    <subfield code="a">Psychoanalysis</subfield>
  </datafield>
  <datafield tag="786" ind1="0" ind2=" ">
    <subfield code="n">L'Homme &amp;amp; la Soci&#xE9;t&#xE9; | 222 | 1 | 2025-12-02 | p. 295-314 | 0018-4306</subfield>
  </datafield>
  <datafield tag="856" ind1="4" ind2="1">
    <subfield code="u">https://shs.cairn.info/revue-lhomme-la-societe-2025-1-page-295?lang=fr&amp;redirect-ssocas=7080</subfield>
  </datafield>
  <datafield tag="999" ind1=" " ind2=" ">
    <subfield code="c">2215372</subfield>
    <subfield code="d">2215372</subfield>
  </datafield>
</record>
